|
|
|
|
| LEADER |
01350nam a2200325 a 4500 |
| 001 |
14051947 |
| 008 |
091210s2006 dcua b 001 0 eng d |
| 010 |
|
|
|a 2005044984
|
| 020 |
|
|
|a 0821363840
|
| 020 |
|
|
|a 9780821363843
|
| 040 |
|
|
|a DLC
|c DLC
|d DLC
|
| 082 |
0 |
0 |
|a 338.96761/0082
|2 22
|
| 100 |
1 |
|
|a Ellis, Amanda,
|d 1962-
|
| 245 |
1 |
0 |
|a Gender and economic growth in Uganda :
|b unleashing the power of women /
|c Amanda Ellis, Claire [sic] Manuel, C. Mark Blackden.
|
| 260 |
|
|
|a Washington, D.C. :
|b World Bank,
|c c2006.
|
| 300 |
|
|
|a xi, 89 p. :
|b ill. ;
|c 23 cm.
|
| 490 |
0 |
|
|a Directions in development
|
| 504 |
|
|
|a Includes bibliographical references (p. 78-84) and index.
|
| 541 |
1 |
|
|e 00014050
|
| 650 |
|
0 |
|a Women in economic development
|z Uganda.
|
| 650 |
|
0 |
|a Sex discrimination against women
|z Uganda.
|
| 650 |
|
0 |
|a Investments, Foreign
|x Law and legislation
|z Uganda.
|
| 650 |
|
0 |
|a Women
|z Uganda
|x Economic conditions.
|
| 651 |
|
0 |
|a Uganda
|x Economic conditions
|y 1979-
|
| 700 |
1 |
|
|a Manuel, Clare,
|d 1962-
|
| 700 |
1 |
|
|a Blackden, C. Mark,
|d 1954-
|
| 830 |
|
0 |
|a Directions in development (Washington, D.C.)
|
| 852 |
4 |
|
|a Ayesha Abed Library
|j General shelf
|
| 999 |
|
|
|c 6059
|d 6059
|
| 952 |
|
|
|0 0
|1 0
|2 ddc
|4 0
|6 338_967610082000000_ELL_2006
|7 0
|9 6051
|a BRACUL
|b BRACUL
|c GEN
|d 2009-12-14
|g 1425.00
|l 0
|o 338.967610082 ELL
|p 3010014050
|r 2009-12-14
|t 1
|w 2009-12-14
|y BK
|